Biblioteka Instytutu Północnego w Olsztynie

Gospodarstwo samorządowe w byłej dzielnicy pruskiej / (Rekord nr 27726)

Szczegóły MARC
000 -Nagłówek
fixed length control field 01193cam a2200313 i 4500
001 - Nr kontrolny bibl., która utworzyła rek.
control field zz2005972044
003 - Siglum bibl., której nr kontr. jest w 001
control field NUKAT
005 - Data i czas ostatniej operacji
control field 20260422184827.0
008 - Elementy pola stałej długości
fixed length control field 050715s1924 pl |000 0 pol c
035 ## - Systemowy numer kontrolny
systemowy numer kontrolny (OCoLC)749992767
035 ## - Systemowy numer kontrolny
systemowy numer kontrolny (NUKAT)zz2005972044
040 ## - Instytucja sporządzająca opis
Instytucja, która sporządziła opis LUBL M/mm
Instytucja, która sporządziła rekord LUBL M/mm
Instytucja, która zmodyfikowała rekord LUBL M/JD
-- Ł U/ogs
100 1# - Hasło główne-nazwa osobowa
Nazwa osobowa Frejlich, Józef
Daty biograficzne (1884-1976).
9 (RLIN) 40406
245 10 - Tytuł właściwy i oznaczenie odpow.
tytuł Gospodarstwo samorządowe w byłej dzielnicy pruskiej /
dod. inf. ze s. tyt./ozn. odpow. Józef Frejlich.
260 ## - Adres wydawniczy
miejsce wydania, dystrybucji itp. Kraków :
nazwa wydawcy, dystrybutora itp. nakł. Krakowskiej Spółki Wydawniczej,
data wydania, dystrybucji itp. 1924
miejsce druku (Kraków :
nazwa drukarni Drukarnia Uniwersytetu Jagiellońskiego).
300 ## - Opis fizyczny
objętość i/lub forma materiału 109 s. ;
format 23 cm.
336 ## - Content Type
Term Tekst
Code txt
Source rdacontent
337 ## - Media Type
Term Bez urządzenia pośredniczącego
Code n
Source rdamedia
338 ## - Carrier Type
Term Wolumin
Code nc
Source rdacarrier
380 ## - Form of work
Form of work Książki
504 ## - Uwaga o bibliografii
uwaga o bibliografii Bibliogr. s. 9-10.
650 #7 - Hasło przedmiotowe-nazwa pospolita
nazwa pospolita lub geogr. Samorząd terytorialny
źródło hasła DBN
9 (RLIN) 36335
650 #7 - Hasło przedmiotowe-nazwa pospolita
nazwa pospolita lub geogr. Samorząd lokalny
określnik geograficzny Polska
-- Zabór pruski
określnik chronologiczny 1870-1914.
źródło hasła kaba
9 (RLIN) 40407
651 #7 - Hasło przedmiotowe-nazwa geogr.
nazwa geograficzna Niemcy
źródło hasła DBN
9 (RLIN) 35243
651 #7 - Hasło przedmiotowe-nazwa geogr.
nazwa geograficzna Zabór pruski
źródło hasła DBN
9 (RLIN) 35237
651 #7 - Hasło przedmiotowe-nazwa geogr.
nazwa geograficzna Zabór pruski
określnik rzeczowy sytuacja gospodarcza
określnik chronologiczny 1870-1914.
źródło hasła kaba
9 (RLIN) 40408
658 ## - Nazwa określająca cel programu nauczania
główny cel programu nauczania Polityka, politologia, administracja publiczna
942 ## - ADDED ENTRY ELEMENTS (KOHA)
Source of classification or shelving scheme Dewey Decimal Classification
Koha item type pozycje dostępne na miejscu
Egzemplarze
Status wycofania Status zagubienia Klasyfikacja Status uszkodzenia Blokada wypożyczeń Kolekcja Lokalizacja macierzysta Lokalizacja bieżąca Data nabycia Numer akcesji Źródło akcesji Nr inwentarzowy il. wypożyczeń Sygnatura Kod kreskowy Date last seen Price effective from Typ egz.
    Dewey Decimal Classification nieuszkodzona   Pracownia Badań Księgozbiorów Historycznych Biblioteka Instytutu Północnego w Olsztynie Pracownia Badań Księgozbiorów Historycznych 22/04/2026 K-69/1965 kupno 16425   16425 IPWK16650 22/04/2026 22/04/2026 pozycje dostępne na miejscu
Biblioteka Instytutu Północnego, ul. Partyzantów 87, 10-402 Olsztyn, email: biblioteka(at)ip.olsztyn.pl